|
|
|
|
| LEADER |
00694nta a2200193 i 4500 |
| 001 |
dipl131188 |
| 005 |
20221114083956.0 |
| 008 |
221111s2013 hu om 0|| hun d |
| 040 |
|
|
|a SZTE Diploma Repozitórium
|b hun
|
| 041 |
|
|
|a hun
|
| 100 |
1 |
|
|a Madar Magda
|
| 245 |
1 |
0 |
|a Otthoni szakápolás Csongrád megyében 1996-2012
|h [elektronikus dokumentum] /
|c Magda Madar
|
| 246 |
1 |
0 |
|a Csongrad County nursing home 1996-2012
|h [elektronikus dokumentum]
|
| 260 |
|
|
|c 2013
|
| 650 |
|
4 |
|a Jogi és igazgatási tanulmányok
|
| 650 |
|
4 |
|a Social sciences
|
| 650 |
|
4 |
|a Sociology
|
| 700 |
1 |
|
|a Szondi Ildikó
|e ths
|
| 856 |
4 |
0 |
|u https://diploma.bibl.u-szeged.hu/id/eprint/131188/1/2013_madar_magda.pdf
|z Dokumentum-elérés
|